[Event "Cannes team g/60"]
[Site "Cannes"]
[Date "1992.??.??"]
[Round "3"]
[White "Adams, Michael"]
[Black "Christiansen, Larry Mark"]
[Result "1-0"]
[WhiteElo "2590"]
[BlackElo "2595"]
[Annotator "Schussler,H"]
[PlyCount "103"]
[EventDate "1992.02.??"]
[EventType "team"]
[EventRounds "6"]
[EventCountry "FRA"]
[SourceTitle "CBM 028"]
[Source "ChessBase"]
[SourceDate "1992.06.01"]
[SourceVersion "1"]
[SourceVersionDate "1992.06.01"]
[SourceQuality "1"]

1. e4 e5 2. Nf3 Nf6 3. Nxe5 d6 4. Nf3 Nxe4 5. d4 d5 6. Bd3 Nc6 7. O-O Be7 8. c4
Nb4 9. Be2 (9. cxd5 Nxd3 10. Qxd3 Qxd5 11. Re1 Bf5 12. Nc3 Nxc3 13. Qxc3 Be6
$10) 9... O-O 10. Nc3 (10. a3 Nc6 11. cxd5 Qxd5 12. Nc3 Nxc3 13. bxc3 b6 {
(Mihalchishin,A)}) 10... Be6 11. Be3 Bf5 12. Qb3 {The main alternative is 12.
Rc1.} c6 13. Rac1 dxc4 14. Bxc4 a5 $6 (14... b5 15. Bxf7+ (15. Be2 Be6 16. Qd1
Nxc3 17. bxc3 Nxa2 18. Rc2 b4 $17 {(Hübner)}) 15... Rxf7 16. Ne5 Nd5 17. Nxe4
Bxe4 18. Nxf7 Kxf7 19. Rxc6 Kg8 $17 {(Hübner)}) 15. a3 Nxc3 16. axb4 $5 Nb5 17.
bxa5 Rxa5 18. d5 $1 Be4 (18... Nd6 $2 19. Bb6 $18) 19. dxc6 Bxf3 (19... bxc6
20. Ne5 Bd5 21. Rfd1 $16) 20. Bxb5 bxc6 21. Bxc6 Bxc6 22. Rxc6 $16 Qa8 23. Rfc1
Re8 24. h3 Bf8 25. Qc4 Ra4 26. Qc2 Rb4 27. Rc4 Qb7 {28. - Rb5!.} 28. Rxb4 Qxb4
29. Bd2 Qb5 30. Qc6 Qb8 31. b4 Re2 32. Qc3 h5 33. Qd3 Re6 34. b5 Rd6 35. Bf4
Rxd3 36. Bxb8 f6 37. Rb1 $18 Rd7 38. b6 Rb7 39. Bf4 Bc5 40. Be3 Bxe3 41. fxe3
Kf7 42. Kf2 Ke6 43. Kf3 Kd5 44. Kf4 g6 45. e4+ Kd4 46. h4 Kc5 47. e5 g5+ 48.
hxg5 fxg5+ 49. Kxg5 h4 50. Kf6 Kc6 51. e6 Kd6 52. e7 1-0

[Event "Capablanca Memorial-A"]
[Site "Cuba"]
[Date "1993.??.??"]
[Round "5"]
[White "Zapata, Alonso"]
[Black "Howell, James C"]
[Result "1/2-1/2"]
[WhiteElo "2580"]
[BlackElo "2470"]
[Annotator "Schussler,H"]
[PlyCount "39"]
[EventDate "1993.??.??"]
[EventType "tourn"]
[EventRounds "13"]
[EventCountry "CUB"]
[EventCategory "10"]
[SourceTitle "CBM 036"]
[Source "ChessBase"]
[SourceDate "1993.10.01"]
[SourceVersion "1"]
[SourceVersionDate "1993.10.01"]
[SourceQuality "1"]

1. e4 e5 2. Nf3 Nf6 3. Nxe5 d6 4. Nf3 Nxe4 5. d4 d5 6. Bd3 Nc6 7. O-O Bg4 8.
Re1 Be7 9. c4 Nf6 10. cxd5 Bxf3 $5 11. Qxf3 Qxd5 12. Qxd5 {12.Qg3} Nxd5 13. Be4
{13.Bc4 Ndb4} (13. Nc3 Ndb4 $5 14. Bb5 $13 (14. Be4 Nxd4 15. Bf4 c6 16. Be5
Ndc2 17. Bxg7 Rg8 18. Bxc2 Nxc2 19. Bf6 O-O-O 20. Bxe7 Rde8 21. Rec1 Nxa1 22.
Nd5 Kd7 23. Nf6+ Kxe7 24. Nxg8+ Rxg8 25. Rxa1 Rd8 {=/+/-/+ De Firmian,N-Ristic,
N, Vrnjacka Banja 1993})) 13... O-O-O (13... Ndb4 $2 14. a3 f5 15. Bxc6+ Nxc6
16. d5 $18 {/\ 17.Bg5}) (13... Nf6 $5 14. d5 (14. Bxc6+ bxc6 15. Bg5 Kd7 $10)
14... Nxe4 15. dxc6 O-O-O $10) 14. Nc3 Bb4 15. Bxd5 Rxd5 16. Nxd5 Bxe1 17. Nxc7
Bxf2+ 18. Kxf2 Kxc7 19. Bf4+ Kd7 20. Rd1 $15 {20. - Ne7!?, 20. - Rc8} 1/2-1/2

[Event "Elenite"]
[Site "Elenite"]
[Date "1992.??.??"]
[Round "4"]
[White "Kotronias, Vasilios"]
[Black "Skembris, Spyridon"]
[Result "1/2-1/2"]
[WhiteElo "2550"]
[BlackElo "2520"]
[Annotator "Schussler,H"]
[PlyCount "35"]
[EventDate "1992.??.??"]
[EventType "tourn"]
[EventRounds "11"]
[EventCountry "BUL"]
[EventCategory "12"]
[SourceTitle "CBM 032"]
[Source "ChessBase"]
[SourceDate "1993.02.01"]
[SourceVersion "1"]
[SourceVersionDate "1993.02.01"]
[SourceQuality "1"]

1. e4 e5 2. Nf3 Nf6 3. Nxe5 d6 4. Nf3 Nxe4 5. d4 d5 6. Bd3 Bd6 7. O-O O-O 8. c4
c6 {8. - Be6 - Kamsky,G-Yusupov,A, Tilburg 1992, CBM 32 game 947.} 9. cxd5 (9.
Nc3 Nxc3 10. bxc3 Bg4 11. Rb1 dxc4 12. Bxc4 Qc7 13. h3 Bh5 14. Rb2 {
Hartikainen,M-Ruchieva,N, Helsinki op 1992, CBM 32 game 262.}) 9... cxd5 10.
Nc3 Nxc3 11. bxc3 Bg4 12. Rb1 b6 (12... Nd7 13. h3 Bh5 14. Rb5 Nb6 15. c4 Bxf3
16. Qxf3 $14 dxc4 17. Be4 (17. Bc2 Qd7 18. a4 Bc7 19. Rc5 Bd6 20. Rb5 Bc7 21.
Rc5 Bd6 22. a5 $1 $16 {Timman,J-Anand,V, Tilburg 1991.}) 17... Qd7 18. a4 Rab8
19. Bf5 (19. Rg5 $2 f6 $1 20. Qh5 $2 g6 21. Bxg6 fxg5 $19 {(Kalinichenko)})
19... Qc6 20. Be4 Qd7 21. Bf5 Qc7 $5 22. a5 {Holmsten,A-Lelchuk,Z, Helsinki op
1992. CBM 32 game 268.}) 13. Rb5 Bc7 14. h3 (14. c4 dxc4 15. Be4 Nc6 16. Rg5 $1
Bxf3 17. Qxf3 Qd6 $13 {Oll,L-Akopian,V, Manila (ol) 1992.}) 14... a6 15. hxg4
axb5 16. Qc2 g6 17. Bh6 Re8 18. Bxb5 $13 1/2-1/2

[Event "Linares 09th"]
[Site "Linares"]
[Date "1991.??.??"]
[Round "4"]
[White "Ehlvest, Jaan"]
[Black "Anand, Viswanathan"]
[Result "1/2-1/2"]
[WhiteElo "2650"]
[BlackElo "2635"]
[Annotator "Schussler,H"]
[PlyCount "80"]
[EventDate "1991.02.??"]
[EventType "tourn"]
[EventRounds "13"]
[EventCountry "ESP"]
[EventCategory "17"]
[SourceTitle "CBM 022"]
[Source "ChessBase"]
[SourceDate "1991.06.01"]
[SourceVersion "1"]
[SourceVersionDate "1991.06.01"]
[SourceQuality "1"]

1. e4 e5 2. Nf3 Nf6 3. Nxe5 d6 4. Nf3 Nxe4 5. d4 d5 6. Bd3 Bd6 7. O-O O-O 8. c4
c6 9. Nc3 Nxc3 10. bxc3 dxc4 11. Bxc4 Bg4 12. h3 (12. Qd3 Nd7 13. Ng5 Nf6 14.
h3 Bh5 15. f4 h6 16. g4 hxg5 17. fxg5 b5 18. Bb3 Nxg4 19. hxg4 Qd7 20. gxh5
Qg4+ 21. Kf2 Rae8 22. Rg1 Qh4+ 23. Kg2 Qh2+ $1 $10 {Sokolov,A - Oll,L, Soviet 
(ch) 1989.}) 12... Bh5 13. Re1 Nd7 14. Bf1 Re8 15. Rxe8+ Qxe8 16. Be3 b5 17. a4
a6 18. axb5 axb5 19. Rxa8 Qxa8 $10 20. d5 cxd5 21. g4 Bg6 22. Bxb5 Qb7 23. c4
dxc4 24. Bxc4 Bf8 25. Bd5 Qb1 $6 26. Qxb1 Bxb1 27. Ng5 Ne5 28. f4 h6 29. fxe5
hxg5 30. Bxg5 Bc5+ 31. Kg2 Kf8 32. h4 Be7 33. Bxe7+ Kxe7 $10 34. Kg3 f6 35. Kf4
Bc2 36. h5 g5+ 37. hxg6 Bxg6 38. Be4 Bf7 39. exf6+ Kxf6 40. g5+ Kg7 1/2-1/2

[Event "Candidates m6"]
[Site "Sarajevo"]
[Date "1991.??.??"]
[Round "4"]
[White "Huebner, Robert"]
[Black "Timman, Jan H"]
[Result "1/2-1/2"]
[WhiteElo "2620"]
[BlackElo "2630"]
[Annotator "Schussler,H"]
[PlyCount "120"]
[EventDate "1991.01.??"]
[EventType "match"]
[EventRounds "7"]
[EventCountry "BIH"]
[SourceTitle "Candidates"]
[Source "ChessBase"]
[SourceDate "1999.07.01"]
[SourceVersion "2"]
[SourceVersionDate "1999.07.01"]
[SourceQuality "1"]

1. e4 {Borik} e5 2. Nf3 Nf6 3. Nxe5 d6 4. Nf3 Nxe4 5. d4 d5 6. Bd3 Nc6 7. O-O
Be7 8. c4 Nb4 9. Be2 O-O 10. Nc3 Be6 11. Be3 Bf5 12. Rc1 dxc4 (12... Nxc3 13.
bxc3 Nxa2 14. Rc2 Bxc2 15. Qxc2 Nxc3 16. Qxc3 $14 {Short,N - Timman,J,
Hilversum 1989.}) 13. Bxc4 c6 14. Ne5 Nxc3 15. bxc3 Nd5 16. Qf3 $14 Be6 17. Bd3
Bd6 18. Bd2 Qh4 19. Rfe1 Nf6 20. a4 Ng4 21. Bf4 Nxe5 22. Bxe5 Bd5 23. Qf5 Bxe5
24. Rxe5 g6 25. Qd7 Rab8 26. Rb1 Rfd8 27. Qc7 Qg4 28. Bf1 Qd7 29. Re7 $16 Qxc7
30. Rxc7 a5 {DIA In dieser überlegenen Stellung hätte Dr.Hübner seine Stellung
mit 31.f3 nebst Kf2 verstärken sollen, später den Bb7 gewinnen und dann den
Mehrbauern verwerten. Wesentlich ist, das Weiß bei Kf2 ruhig c3-c4 spielen
kann, weil} 31. Rb6 $2 {der Bauer d4 mit Ke3 gedeckt werden kann.} Re8 32. c4
Be6 33. Rbxb7 Rxb7 34. Rxb7 Rd8 35. d5 cxd5 36. c5 Rc8 37. Rb5 d4 38. Bd3 Bf5
39. Bxf5 gxf5 40. Kf1 Re8 41. c6 d3 42. Rd5 Rc8 43. Rxd3 Rxc6 44. Rd5 $14 Rc4
45. Rxa5 Kg7 46. Ra8 Rb4 47. a5 Ra4 48. a6 Ra2 49. g3 h6 50. h4 f4 51. gxf4 Ra4
52. a7 Ra2 53. Kg2 Ra3 $10 54. f3 Ra2+ 55. Kg3 Ra3 56. Kf2 Ra2+ 57. Ke3 Ra4 58.
Kd3 Ra3+ 59. Kc4 Ra1 60. Kd4 Ra5 1/2-1/2

[Event "Interzonal-16"]
[Site "Biel"]
[Date "1993.??.??"]
[Round "8"]
[White "Hjartarson, Johann"]
[Black "Barua, Dibyendu"]
[Result "0-1"]
[WhiteElo "2605"]
[BlackElo "2510"]
[Annotator "Schussler,H"]
[PlyCount "122"]
[EventDate "1993.07.16"]
[EventType "swiss"]
[EventRounds "13"]
[EventCountry "SUI"]
[SourceTitle "CBM 037"]
[Source "ChessBase"]
[SourceDate "1993.12.01"]
[SourceVersion "1"]
[SourceVersionDate "1993.12.01"]
[SourceQuality "1"]

1. e4 e5 2. Nf3 Nf6 3. Nxe5 d6 4. Nf3 Nxe4 5. d4 d5 6. Bd3 Be7 7. O-O Nc6 8. c4
Nb4 9. Be2 dxc4 (9... O-O 10. Nc3 Be6 {Christiansen`s move} (10... Bf5 $5 11.
a3 Nxc3 12. bxc3 Nc6 13. Re1 dxc4 (13... Bf6 14. Bf4 Rc8 15. Qa4 a6 16. Qb3 $6
Na5 $1 17. Qb4 c5 18. dxc5 Nc6 19. Qb3 Na5 $10 {1/2 Ljubojevic,L-Yusupov,A,
Belgrade 1989}) 14. Bxc4 Bd6 15. Bg5 Qd7 {+/=/= Ljubojevic,L-Yusupov,A,
Barcelona 1989}) 11. Be3 {Now possible is 11. - Bf5, 11. - f5, 11. - Nxc3 and
11. - f5.}) 10. Bxc4 O-O 11. Re1 $5 (11. Ne5 Nd6 $1 12. Bb3 Nf5 13. a3 Nd5 {
13. - Nc6!?} 14. Nc3 Be6 15. Re1 c6 16. Bc2 Nc7 $10 {Sindik,R-Zysk,R, Baden
Baden 1985}) (11. Nc3 Nd6 12. Bb3 Bf6 (12... Kh8 $5 13. Ne5 f6 14. Nf3 Bg4 15.
h3 Bh5 16. Be6 Bxf3 $1 $13 {Mnatsakanian-Diez, Varna 1985 (17.Dxf3 Sc2)}) (
12... Bg4 13. h3 Bh5 14. g4 $1 Bg6 15. Ne5 $16 {(Karpov,A)}) 13. Ne5 Nc6 {
13. - c5! (Karpov,A)} 14. Bf4 Nf5 15. Nxc6 bxc6 16. d5 $16 {Sokolov,A-Agzamov,
USSR ch 1985}) 11... Bf5 $1 12. a3 $6 Nd6 13. Bb3 Nd3 14. Re3 Nxc1 15. Qxc1 Bf6
16. Nc3 c6 $10 17. d5 $6 Rc8 $1 18. dxc6 {18.Qd2} Rxc6 19. Ne5 Rc5 20. Qe1 Rxe5
$1 21. Rxe5 Qb6 22. Rd5 Qxb3 23. Rxd6 Qxb2 $15 24. Nd5 Be5 25. Ne7+ Kh8 26.
Nxf5 Qxa1 27. Qxa1 Bxa1 28. Rd7 g6 29. Nd6 Kg7 30. g3 Bd4 31. Nxb7 {31.Rxb7!}
Bb6 32. a4 Rc8 $1 33. Nd6 $1 (33. a5 Rc7 34. axb6 Rxd7 35. bxa7 Rd1+ 36. Kg2
Ra1 $19) (33. Rxf7+ Kxf7 34. Nd6+ Ke6 35. Nxc8 Bc5 $19) 33... Rc1+ 34. Kg2 Kf6
35. Ne4+ $6 {35.Nxf7!?} Ke6 36. Rb7 h6 $1 37. a5 Bd4 38. Rb4 Kd5 $17 39. f3
Rc2+ 40. Kf1 f5 41. Rb5+ Ke6 42. Rb4 Kd5 43. Rb5+ Kc4 44. Nd6+ Kc3 45. Rb7 Rf2+
46. Ke1 a6 $19 47. g4 Rxf3 48. gxf5 gxf5 49. Rf7 Kd3 50. Rxf5 Bc3+ 51. Kd1 Rxf5
52. Nxf5 h5 53. Ng3 h4 54. Nf5 h3 55. Ng3 Bxa5 56. Ne2 Bd2 57. Ng1 a5 58. Nf3
Bf4 59. Ng1 a4 60. Nf3 a3 61. Ne1+ Kc3 0-1

[Event "Tbilisi"]
[Site "Tbilisi"]
[Date "1991.??.??"]
[Round "?"]
[White "Chiburdanidze, Maia"]
[Black "Kachiani Gersinska, Ketino"]
[Result "1/2-1/2"]
[WhiteElo "2485"]
[BlackElo "2345"]
[Annotator "Schussler,H"]
[PlyCount "45"]
[EventDate "1991.05.??"]
[EventType "tourn"]
[EventRounds "11"]
[EventCountry "GEO"]
[EventCategory "9"]
[SourceTitle "CBM 024"]
[Source "ChessBase"]
[SourceDate "1991.10.01"]
[SourceVersion "1"]
[SourceVersionDate "1991.10.01"]
[SourceQuality "1"]

1. e4 e5 2. Nf3 Nf6 3. Nxe5 d6 4. Nf3 Nxe4 5. c4 Be7 6. d4 (6. Nc3 Bf5 7. Nd5
$5 O-O 8. Be2 Re8 $10) 6... O-O 7. Bd3 $1 {Otherwise Black equalizes with Bg4
and Nc6.} Ng5 (7... Nf6 8. h3 $1 d5 9. O-O Nc6 10. Nc3 Nb4 11. Be2 dxc4 12.
Bxc4 Nbd5 {White is minimally better.}) 8. O-O Nxf3+ 9. Qxf3 Nc6 10. Nc3 f5 (
10... Nxd4 $2 11. Qe4 Nf5 12. g4 $18) 11. Be3 g5 $5 12. Qh5 Qe8 13. Qxe8 Rxe8
14. Nd5 $14 Bd8 15. Rfe1 f4 16. Bd2 Rf8 17. Bc3 a5 18. Re2 Bg4 19. f3 Bh5 20.
Rae1 Nb4 $1 21. Nxb4 (21. Bxb4 axb4 22. Nxb4 c5 $10) 21... axb4 22. Bxb4 Bf6 $1
$10 23. Bc3 1/2-1/2

[Event "Kolkata"]
[Site "Kolkata"]
[Date "1991.??.??"]
[Round "?"]
[White "Prasad, Devaki V"]
[Black "Ye, Rongguang"]
[Result "1/2-1/2"]
[WhiteElo "2420"]
[BlackElo "2545"]
[Annotator "Schussler,H"]
[PlyCount "90"]
[EventDate "1991.01.??"]
[EventType "tourn"]
[EventRounds "10"]
[EventCountry "IND"]
[EventCategory "11"]
[SourceTitle "CBM 022"]
[Source "ChessBase"]
[SourceDate "1991.06.01"]
[SourceVersion "1"]
[SourceVersionDate "1991.06.01"]
[SourceQuality "1"]

1. e4 e5 2. Nf3 Nf6 3. Nxe5 d6 4. Nf3 Nxe4 5. c4 Nc6 6. d4 d5 7. Nc3 Bb4 8. Bd2
Nxd2 9. Qxd2 O-O $10 10. cxd5 Re8+ 11. Be2 Ne7 12. O-O Nxd5 13. Bc4 Nb6 14. Bb3
Be6 15. Bxe6 Rxe6 16. Rfe1 Qd6 17. Rxe6 Qxe6 18. Re1 Qc4 19. Qe3 Nd5 20. Qe4 c6
21. a3 Nf6 22. Qe2 Qxe2 23. Rxe2 Bd6 24. Ne4 Nxe4 25. Rxe4 Rd8 26. Kf1 f6 27.
Ke2 Kf7 28. h3 Bc7 29. Kd3 Bb6 30. Kc4 Rd5 31. a4 a5 32. b3 Rf5 33. b4 axb4 34.
Re2 Rf4 35. Kd3 h5 36. Re4 Rf5 37. Re2 Rd5 38. Kc4 Ba7 39. a5 g5 40. g4 hxg4
41. hxg4 Rd8 42. Re4 Rh8 43. Ne1 Rh1 44. Nd3 Rg1 45. f3 Rg3 1/2-1/2

[Event "Sydney"]
[Site "Sydney"]
[Date "1990.??.??"]
[Round "7"]
[White "Madl, Ildiko"]
[Black "Solomon, Stephen J"]
[Result "1/2-1/2"]
[WhiteElo "2390"]
[BlackElo "2385"]
[Annotator "Schussler,H"]
[PlyCount "126"]
[EventDate "1990.??.??"]
[EventType "tourn"]
[EventRounds "9"]
[EventCountry "AUS"]
[EventCategory "6"]
[SourceTitle "CBM 020"]
[Source "ChessBase"]
[SourceDate "1991.02.01"]
[SourceVersion "1"]
[SourceVersionDate "1991.02.01"]
[SourceQuality "1"]

1. e4 e5 2. Nf3 Nf6 3. Nxe5 d6 4. Nf3 Nxe4 5. d4 d5 6. Bd3 Be7 7. O-O Nc6 8. c4
Nb4 9. Be2 O-O 10. Nc3 Be6 11. Be3 f5 12. a3 Nxc3 13. bxc3 Nc6 14. Qa4 {
14.Rb1, 14.cxd5} Rb8 15. cxd5 Bxd5 16. Bc4 Bf6 17. Bxd5+ Qxd5 18. c4 Qa5 19.
Qc2 f4 20. Bd2 Qh5 21. Bc3 b5 22. d5 Ne5 23. Bxe5 Bxe5 24. Rae1 Bf6 25. Rd1 c6
26. cxb5 cxb5 27. d6 a5 28. Qe4 b4 29. Rd5 Qf7 30. Rxa5 b3 31. Ng5 Bxg5 32.
Rxg5 b2 33. h4 Rfc8 34. a4 Rc1 35. Rb5 Rxb5 36. axb5 b1=Q 37. Qxb1 Rxb1 38.
Rxb1 Qd5 39. b6 Qxd6 40. b7 Qb8 41. f3 Kf7 42. Rb6 g6 43. Kh2 Ke7 44. Kh3 Kd8
45. Rb1 Kd7 46. Rb2 Kc6 47. Rc2+ Kd5 48. Rb2 Kc4 49. Rb6 Kd3 50. Rb3+ Kc2 51.
Rb6 h6 52. Rb5 g5 53. hxg5 hxg5 54. Kg4 Kd3 55. Rb3+ Ke2 56. Rb2+ Ke3 57. Rb3+
Kf2 58. Rb2+ Kg1 59. Rb1+ Kxg2 60. Rb2+ Kf1 61. Rb1+ Ke2 62. Rb2+ Kd3 63. Rb3+
Kc4 1/2-1/2

[Event "World Cup"]
[Site "Reykjavik"]
[Date "1991.??.??"]
[Round "9"]
[White "Ljubojevic, Ljubomir"]
[Black "Khalifman, Alexander"]
[Result "0-1"]
[WhiteElo "2600"]
[BlackElo "2630"]
[Annotator "Schussler,H"]
[PlyCount "80"]
[EventDate "1991.09.??"]
[EventType "tourn"]
[EventRounds "15"]
[EventCountry "ISL"]
[EventCategory "16"]
[SourceTitle "CBM 026"]
[Source "ChessBase"]
[SourceDate "1992.02.01"]
[SourceVersion "1"]
[SourceVersionDate "1992.02.01"]
[SourceQuality "1"]

1. e4 {Ernst Anand} e5 2. Nf3 Nf6 3. Nxe5 d6 4. Nf3 Nxe4 5. d4 d5 6. Bd3 Bd6 7.
c4 c6 8. Nc3 (8. O-O O-O 9. Qc2 Na6 10. a3 Bg4 $13) 8... O-O 9. O-O Nxc3 10.
bxc3 Bg4 11. h3 Bh5 12. Rb1 (12. cxd5 cxd5 13. Rb1 Nd7 14. Rb5 Nb6 15. c4 Bxf3
16. Qxf3 dxc4 17. Bc2 Qd7 18. a4 Bc7 (18... Rab8 19. Bg5 Bc7 20. Bf6 $1 Qd6 21.
Be5 Qe7 22. a5 $14 {Gavrilov,Frog (corr) 1989/1990.}) 19. Rc5 Bd6 20. Rb5 (20.
Rg5 Be7 $2 {20. - g6!, Anand.} 21. Rxg7+ Kxg7 22. Bf5 Qxd4 23. Be3 Qe5 24. Qg4+
Kh8 25. Bd4 $18 {Adams,M-Anand,V, Oakham 1990.}) 20... Bc7 21. Rc5 Bd6 22. a5
$5 Nc8 23. Bf5 Qd8 24. a6 Ne7 25. axb7 Rb8 26. Bg5 f6 27. Be6+ Kh8 28. Bf4 Bxf4
29. Qxf4 Rxb7 30. d5 $14 {Timman,J-Anand,V, Reykjavik w-cup 1991 (CBM 26/game
912).}) 12... dxc4 13. Bxc4 b5 14. Bd3 Nd7 15. a4 a6 16. Be4 Rc8 17. Qd3 Bg6
$10 18. Bxg6 hxg6 19. Bg5 Qa5 20. c4 bxc4 21. Qxc4 Nb6 22. Qb3 (22. Qd3 {Ernst}
Nxa4 23. Bd2 $10) 22... Rb8 23. Bd2 Qf5 24. Rbc1 Rfc8 25. a5 (25. Rfe1 $10 {
Anand}) (25. Rfe1 $15 {Ernst}) 25... Nd5 26. Qc4 Rb5 27. Rfe1 Nf4 28. Ne5 $6 (
28. Bxf4 {Anand} Qxf4 {><a5}) 28... Rb2 29. Be3 $2 {29.Bxf4! Qxf4 30.Nf3} (29.
Bxf4 {Anand} Qxf4 30. Nf3 (30. Ng4 $15 {Ernst}) 30... Rb5) 29... Bxe5 $1 30.
dxe5 Nd3 $1 31. g4 Qf3 $19 32. Qxd3 Rxf2 33. Bxf2 Qxd3 34. e6 fxe6 35. Rxe6
Qxh3 36. Rc4 Rd8 37. Rce4 Rd1+ 38. Be1 Qg3+ 39. Kf1 Qf3+ 40. Kg1 g5 0-1

[Event "Beersheba"]
[Site "Beersheba"]
[Date "1990.??.??"]
[Round "8"]
[White "Kortschnoj, Viktor Lvovich"]
[Black "Smyslov, Vassily V"]
[Result "1/2-1/2"]
[WhiteElo "2625"]
[BlackElo "2570"]
[Annotator "Schussler,H"]
[PlyCount "30"]
[EventDate "1990.03.??"]
[EventType "tourn"]
[EventRounds "9"]
[EventCountry "ISR"]
[EventCategory "13"]
[SourceTitle "CBM 017"]
[Source "ChessBase"]
[SourceDate "1990.08.01"]
[SourceVersion "1"]
[SourceVersionDate "1990.08.01"]
[SourceQuality "1"]

1. e4 e5 2. Nf3 Nf6 3. Nxe5 d6 4. Nf3 Nxe4 5. d4 d5 6. Bd3 Be7 7. O-O Nc6 8.
Re1 Bg4 9. c4 Nf6 10. cxd5 Bxf3 11. Qxf3 Qxd5 12. Qh3 (12. Qg3 Qxd4 13. Nc3 O-O
14. Nb5 Qg4 $10 {Sax-Jusupov, Thessaloniki (ol) 1984.}) 12... Qxd4 (12... Nxd4
13. Nc3 Qd7 14. Qxd7+ Kxd7 15. Be3 Ne6 16. Rad1 Bd6 $44 {Kasparov-Karpov (m28)
1984/85.}) 13. Nc3 Rd8 14. Bf5 O-O (14... h5 $5 15. Qg3 Kf8 16. Be3 Qb4 17. a3
Qa5 18. Qf3 g6 $10 {Velimirovic-Kurajica, Bela Crkva 1984.}) 15. Be3 Qb4
1/2-1/2

[Event "WchT 3rd"]
[Site "Luzern"]
[Date "1993.??.??"]
[Round "5.3"]
[White "Zagrebelny, Sergey"]
[Black "Rodriguez Cespedes, Amador"]
[Result "1-0"]
[WhiteElo "2535"]
[BlackElo "2490"]
[Annotator "Schussler,H"]
[PlyCount "81"]
[EventDate "1993.10.24"]
[EventType "team-tourn"]
[EventRounds "9"]
[EventCountry "SUI"]
[SourceTitle "CBM 038"]
[Source "ChessBase"]
[SourceDate "1994.02.01"]
[SourceVersion "1"]
[SourceVersionDate "1994.02.01"]
[SourceQuality "1"]
[WhiteTeam "Uzbekistan"]
[BlackTeam "Cuba"]
[WhiteTeamCountry "UZB"]
[BlackTeamCountry "CUB"]

1. e4 e5 2. Nf3 Nf6 3. Nxe5 d6 4. Nf3 Nxe4 5. d4 d5 6. Bd3 Nc6 7. O-O Be7 8. c4
(8. Re1 Bg4 9. c4 Nf6) 8... Nb4 (8... Nf6 9. Nc3 O-O 10. h3 dxc4 11. Bxc4 Na5
12. Bd3 Be6 13. Re1 c5 (13... Nc6 14. a3 $5 a6 15. Bf4 Nd5 16. Bg3 Bf6 17. Bc2
Nce7 18. Ne4 Bf5 19. Nxf6+ Nxf6 20. Bb3 c6 21. Ne5 Nfd5 22. Qf3 Be6 23. Rad1
Nf5 $10 {Gufeld,E-Schüssler,H,Havanna 1985}) 14. dxc5 $5 {14.Bg5} Bxc5 15. Bg5
$14) 9. Be2 dxc4 {9. - Be6} 10. Bxc4 O-O 11. Nc3 $1 (11. Ne5 Nd6 $1 12. Bb3 Nf5
$10 {Sindik-Zysk,Baden-Baden 1985}) 11... Nd6 12. Bb3 Kh8 $5 (12... Bg4 13. h3
Bh5 14. g4 Bg6 15. Ne5 $16) (12... Bf6 13. Ne5 $1 Nc6 14. Bf4 Nf5 15. Nxc6 bxc6
16. d5 $14) 13. a3 $5 (13. Ne5 f6 14. Nf3 Bg4 15. h3 Bh5 16. Be6 $2 Bxf3 $1 17.
gxf3 {17.Qxf3 Nc2 - +} Qe8 18. Bf4 f5 $17 {Mnatsakanian-Diez, Varna 1985})
13... Nc6 14. h3 Bf6 15. Bf4 Bf5 16. Rc1 Rc8 17. Re1 $14 h6 18. Be5 Bh7 19. Ba4
Na5 20. Bxf6 Qxf6 21. Ne5 Qd8 22. b4 $5 Nac4 23. Bb3 Nxe5 24. dxe5 Nf5 25. Nb5
$1 Qe7 $2 (25... Qxd1 26. Rexd1 c6 27. Nd6 Rc7 $14) 26. e6 $1 Rcd8 {26. - fxe6}
27. Qg4 c6 28. exf7 Qf6 29. Nc7 $18 Nd6 30. Qg3 Ne4 31. Rxe4 $1 Bxe4 32. Ne6
Rd3 33. Nxf8 $1 Rxg3 34. fxg3 Qd4+ 35. Kh2 Qf2 36. Rg1 Bf5 37. Be6 Bxe6 38.
Ng6+ Kh7 39. f8=Q Qa2 40. Nf4 Bd5 41. Qf5+ 1-0

[Event "Prague Bohemians-A"]
[Site "Prague"]
[Date "1990.??.??"]
[Round "?"]
[White "Rogers, Ian"]
[Black "Finegold, Benjamin"]
[Result "1/2-1/2"]
[WhiteElo "2515"]
[BlackElo "2445"]
[Annotator "Schussler,H"]
[PlyCount "93"]
[EventDate "1990.01.??"]
[EventType "tourn"]
[EventRounds "13"]
[EventCountry "CZE"]
[EventCategory "8"]
[SourceTitle "CBM 017"]
[Source "ChessBase"]
[SourceDate "1990.08.01"]
[SourceVersion "1"]
[SourceVersionDate "1990.08.01"]
[SourceQuality "1"]

1. e4 e5 2. Nf3 Nf6 3. Nc3 Bb4 $6 4. Bc4 (4. Nxe5 O-O 5. Be2 Re8 6. Nd3 Bxc3 7.
dxc3 Nxe4 8. c4 $14) 4... O-O 5. Qe2 d6 6. a3 Bxc3 7. dxc3 Be6 8. Bg5 Nbd7 9.
Nd2 Qe8 10. Bd3 h6 11. Bh4 Nh7 12. g4 Nc5 13. f3 Qc6 14. O-O-O a5 15. Bb5 Qb6
16. Bf2 c6 17. Bc4 Qc7 18. Bxc5 dxc5 19. Bxe6 fxe6 20. h4 b5 21. g5 h5 22. g6
Nf6 23. Rhg1 b4 24. cxb4 axb4 25. Nc4 bxa3 26. Nxa3 Ra4 27. Qd2 Qa7 28. Qc3 Rd4
29. Rg5 Rxd1+ 30. Kxd1 c4 31. Rg2 Rd8+ 32. Kc1 Rd4 33. Kb1 Ne8 34. Rg5 Nd6 35.
Qe1 Nb5 36. Nxb5 cxb5 37. Rxe5 c3 38. Rxe6 Kf8 39. Qc1 Rd8 40. bxc3 Kg8 41. Qd2
Ra8 42. Re8+ Rxe8 43. Qd5+ Kf8 44. Qf5+ Kg8 45. Qd5+ Kf8 46. Qf5+ Kg8 47. Qd5+
1/2-1/2

[Event "Warsaw"]
[Site "Warsaw"]
[Date "1990.??.??"]
[Round "2"]
[White "Sznapik, Aleksander"]
[Black "Tischbierek, Raj"]
[Result "1-0"]
[WhiteElo "2485"]
[BlackElo "2440"]
[Annotator "Schussler,H"]
[PlyCount "87"]
[EventDate "1990.01.??"]
[EventType "tourn"]
[EventRounds "13"]
[EventCountry "POL"]
[EventCategory "9"]
[SourceTitle "CBM 017"]
[Source "ChessBase"]
[SourceDate "1990.08.01"]
[SourceVersion "1"]
[SourceVersionDate "1990.08.01"]
[SourceQuality "1"]

1. e4 e5 2. Nf3 Nf6 3. Nxe5 d6 4. Nf3 Nxe4 5. d4 d5 6. Bd3 Nc6 7. O-O Be7 8. c4
Nb4 9. Be2 O-O 10. a3 $5 {The usual move is 10. Nc3.} Nc6 11. cxd5 Qxd5 12. Nc3
Nxc3 13. bxc3 Bf5 14. c4 Qe4 15. Ra2 Bf6 16. Rd2 Rad8 17. Bb2 Ne7 18. Re1 Qf4
19. g3 Qd6 20. Bf1 Bg4 21. h3 Bxf3 22. Qxf3 c5 23. d5 Bxb2 24. Rxb2 b6 25. Rbe2
Nc8 26. Re5 Qd7 27. Bd3 Nd6 28. Qh5 g6 29. Qh4 Rde8 30. Re7 Qd8 31. Rxe8 Rxe8
32. Qxd8 Rxd8 33. Re7 b5 34. cxb5 c4 35. Bf1 Nxb5 36. a4 Nd6 37. Rxa7 Rc8 38.
Ra6 c3 39. Bd3 Nc4 40. Rc6 Rxc6 41. dxc6 Nb6 42. c7 Kf8 43. a5 Nc8 44. Kf1 1-0